02285cam a22003255a 4500001001400000003000400014005001700018008004100035020002600076020001800102040004200120082001900162100002900181245009700210260005600307300005500363490004000418504003000458520113800488650004101626650003701667651001001704653002901714655003601743700001801779700002001797942000801817999001701825952011701842ssj0001237577OSt20150609114206.0140519t2014 gw dko frb 000 0 eng d a9783319057415 (eBook) a9783319057408 aWaSeSSbengcWaSeSSdWaSeSSdEG-ScBUE04a004.6222bJAR1 aJaramillo, David.93812610aVirtualization techniques for mobile systems /cDavid Jaramillo, Borko Furht, Ankur Agarwal. aCham :bSpringer International Publishing,cc.2014. axiv, 73 p. :bcharts, forms, photographs ;c24 cm.0 aMultimedia systems and applications aBibliography : p. 69-73.  aThis book presents effective ways to partition mobile devices such that the enterprise system access and its information are completely separated from the personal information. For those using mobile devices for personal and business purposes, the ability to keep the data secure and separate is critical. The applications for security in smart platforms range from personal email accounts to global enterprise systems. Several approaches for mobile virtualization are described, all creating secure and secluded environments for enterprise information. The authors present a reference architecture that allows for integration with existing enterprise mobile device management systems and provides a lightweight solution for containerizing mobile applications. This solution is then benchmarked with several of the existing mobile virtualization solutions across a range of mobile devices. Virtualization Techniques for Mobile Systems is an excellent resource for researchers and professionals working in mobile systems. Advanced-level students studying computer science and electrical engineering will also find the content helpful. 0aMobile communication systems.2BUEsh 0aVirtual computer systems.2BUEsh 2BUEsh bENGGENbCOMSCIcJune2015 0aElectronic books.vreading book1 aFurht, Borko.1 aAgarwal, Ankur. 2ddc c19499d19471 00102ddc40708BaccahaMAINbMAINcLOWd2015-06-08epurchasel0o004.6 JARp000038427r2025-07-15 00:00:00yBB